000
00251nmm a2200085Ia 4500
008
220120s9999||||xx |||||||||||||||||und||
100
_a
PCQ
245
0
_a
Most awaited linux releases, fedora 17, knoppix 7.0.1, PCQ v
260
_a
Cyber media Pvt. Ltd.
_c
2012
999
_c
139793
_d
139793